000 00148nam a22000857a 4500
082 _a823
100 _aUNKNOWN
245 _aBIRBAL THE JUST
942 _cBK
999 _c8223
_d8223